Statistics for Car Brand Quiz

Click here to take the quiz!

General Stats

  • This quiz has been taken 323 times
  • The average score is 11 of 15

Answer Stats

Hint Answer % Correct
CivicHonda
97%
PriusToyota
94%
A4Audi
92%
MondeoFord
89%
C-ClassMercedes
88%
M3BMW
87%
GolfVolkswagen
83%
C4Citro├źn
69%
DBSAston Martin
67%
207Peugeot
64%
S80Volvo
63%
ZafiraOpel / Vauxhall
61%
EspaceRenault
58%
ix35Hyundai
52%
SatriaProton
12%

Score Distribution

Percentile by Number Answered

Percent of People with Each Score

Your Score History

You have not taken this quiz